000 00779nam a22002177a 4500
999 _c179693
_d179693
005 20210701142414.0
010 _aB-740481
020 _a8176293059
_c1550.00
035 _aB-740481
037 _bK.K. Publication
082 _a921
100 _aNaoroji, Dadabhai
245 _aGreat Indian economists:
_btheir creative vision for socio-economic development /
_cby Dadabhai Naoroji ; edited by Debendra Kumar Das
260 _aNew Delhi
_bDeep & Deep Publications
_c2004
270 _aF-159, Rajouri Garden
_bNew Delhi
_e110027
300 _axlii, 361p.
_c25cm(Hb)
500 _ainclude bibliographical references and index
700 _aDas, Debendra Kumar
942 _2ddc
_cEN
_h921
_mNAO